00608nam a2200181Ia 4500008004100000020001500041041001200056082001600068100001700084245005600101260004700157300000800204650000800212700001300220942000700233999001500240952017100255221030s9999 xx 000 0 und d a8122411509 aEnglish a105.23bKak aS. L. Kakani 0aText book of Elcetronicscby S. L. Kakani, Bhandari bNew Age Internationl Pub.aNew Delhic1998 a582 aECE aBhandari cBK c7798d7798 pBE 482g220.00l0o105.23 Kakr2024-06-13 00:00:00w2022-10-30yBK003Print4070aMIETLIBbMIETLIBcBL-Academic Block- A, FL-1, CUP-12, SH-1, R-1d1999-11-1910HBE